Złota Piłka 2015 - Top 10 - Statystyki

Ogólne statystyki
  • Ten quiz został rozwiązany 854 razy
  • Średni wynik to 9 z 10
Statystyki odpowiedzi
Lp. Klub Kraj Zawodnik % Poprawnych
2 Real Madryt Portugalia Cristiano Ronaldo
100%
1 Barcelona Argentyna Lionel Messi
100%
5 Barcelona Urugwaj Luis Suarez
99%
3 Barcelona Brazylia Neymar
99%
4 Bayern Polska Robert Lewandowski
99%
9 Barcelona Hiszpania Andres Iniesta
90%
6 Bayern Niemcy Thomas Muller
90%
8 Chelsea Belgia Eden Hazard
86%
7 Bayern Niemcy Manuel Neuer
83%
10 Arsenal Chile Alexis Sanchez
82%
Nie znaleziono quizów pasujących do podanych kryteriów
Rozkład punktacji
Procent ludzi z każdym wynikiem
Percentyl według liczby udzielonych odpowiedzi
Twoja historia wyników
Nie rozwiązałeś tego quizu